000 02526nam0a2200349 i 4500
001 RU\NLR\BIBL_A\010736263
005 20260407141152.0
010 _a9785955206844
_9150
021 _aRU
_b15-16809
035 _a(NILC)RuMoRGB-007887044
035 _a(NLR Aleph) 010736263
090 _a9883936
_c9883936
100 _a20150422d2015 u y0rusy50 ca
101 0 _arus
102 _aRU
105 _aa|||z|||000yy
200 1 _aПроведение реабилитационных и лечебно-оздоровительных мероприятий среди сотрудников органов внутренних дел
_eметодические рекомендации
_fМВД России, Федеральное гос. казенное образовательное учреждение доп. проф. образования "Всероссийский ин-т повышения квалификации сотрудников МВД России", Центр изучения проблем доп. проф. образования
_g[Г. В. Шутко, к.м.н., доц. и др.]
_gпод общ. ред. к.м.н., доц., заслуж. врача Рос. Федерации Виталия Алексеевича Сидоренко
210 _aДомодедово, Московская обл.
_cВИПК МВД России
_d2015
215 _a71 с.
_cил.
_d21
320 _aБиблиогр.: с. 67-71 (74 назв.)
606 1 _aРаботники органов внутренних дел
_xАдаптация психическая
_xРасстройства
_92217180
_3RU\NLR\AUTH\6601564997
610 0 _aлечебно-оздоровительные мероприятия среди сотрудников МВД
686 1 _aР124.58
686 1 _aХ621.163.01
702 1 _aШутко
_bГ. В.
_gГеннадий Викторович
_4220
702 1 _4340
_7ca
_8rus
_aСидоренко
_bВ. А.
_f1969-2021
_gВиталий Алексеевич
_9233557
_3RU\NLR\AUTH\770233613
712 0 2 _4570
_aВсероссийский институт повышения квалификации сотрудников МВД России
_bЦентр изучения проблем дополнительного профессионального образования
_cДомодедово
_9670122
_3RU\NLR\AUTH\8810084040
801 0 _aRU
_bРГБ
_c20150316
_gRCR
942 _cBOOK
980 _aNBR